Welcome to WEB OPAC of MRSPTU Central Library

A Textbook of Matrices (Record no. 6982)

MARC details
000 -LEADER
fixed length control field 00436nam a2200181Ia 4500
008 - FIXED-LENGTH DATA ELEMENTS--GENERAL INFORMATION
fixed length control field 230711s9999||||xx |||||||||||||| ||und||
020 ## - INTERNATIONAL STANDARD BOOK NUMBER
International Standard Book Number 978-81-219-9596-9
041 ## - LANGUAGE CODE
Language code of text/sound track or separate title ENG
082 ## - DEWEY DECIMAL CLASSIFICATION NUMBER
Classification number 512.9434
Item number NA-M
100 ## - MAIN ENTRY--PERSONAL NAME
Personal name Narayan,Shanti
245 #2 - TITLE STATEMENT
Title A Textbook of Matrices
250 ## - EDITION STATEMENT
Edition statement 1st Ed.
260 ## - PUBLICATION, DISTRIBUTION, ETC.
Date of publication, distribution, etc. 2020
Place of publication, distribution, etc. New Delhi
Name of publisher, distributor, etc. S.Chand & Company Ltd
300 ## - PHYSICAL DESCRIPTION
Extent 309p.
650 ## - SUBJECT ADDED ENTRY--TOPICAL TERM
Topical term or geographic name entry element Mathematics
700 ## - ADDED ENTRY--PERSONAL NAME
Personal name Mittal,P.K
942 ## - ADDED ENTRY ELEMENTS (KOHA)
Koha item type Book
Holdings
Withdrawn status Lost status Damaged status Not for loan Collection Home library Current library Date acquired Source of acquisition Cost, normal purchase price Inventory number Total checkouts Full call number Barcode Date last seen Date last checked out Price effective from Koha item type
          MRSPTU Central Library MRSPTU Central Library   Technical Bureau India PVT.LTD 310.00 TB47444697 2 512.9434 NA-M 41204 08/22/2024 08/13/2024 08/17/2023 Book
          MRSPTU Central Library MRSPTU Central Library   Technical Bureau India PVT.LTD 310.00 TB47444697   512.9434 NA-M 41205 08/17/2023   08/17/2023 Book
          MRSPTU Central Library MRSPTU Central Library   Technical Bureau India PVT.LTD 310.00 TB47444697 5 512.9434 NA-M 41206 03/25/2026 03/05/2026 08/17/2023 Book
          MRSPTU Central Library MRSPTU Central Library   Technical Bureau India PVT.LTD 310.00 TB47444697   512.9434 NA-M 41207 08/17/2023   08/17/2023 Book
          MRSPTU Central Library MRSPTU Central Library   Technical Bureau India PVT.LTD 310.00 TB47444697 3 512.9434 NA-M 41208 12/18/2025 12/04/2025 08/17/2023 Book

Website Designed and Developed by MRSPTU Central Library Team

E-mail Id: librarian@mrsptu.ac.in